Guess the celebrity - 2025 Box Office - Statistics

General Stats
  • This quiz has been taken 45 times
  • The average score is 8 of 20
Answer Stats
Picture Hint Answer % Correct
A Minecraft Movie Jack Black
95%
Death of a Unicorn Jenna Ortega
73%
Materialists Dakota Johnson
71%
Sinners Michael B. Jordan
71%
Wicked: For Good Cynthia Erivo
61%
Predator: Badlands Elle Fanning
56%
Five Nights at Freddy's 2 Josh Hutcherson
56%
Caught Stealing Zoë Kravitz
54%
Black Phone 2 Ethan Hawke
49%
Now You See Me: Now You Don't Jesse Eisenberg
49%
Nosferatu Bill Skarsgård
39%
The Roses Olivia Colman
39%
The Naked Gun Pamela Anderson
39%
28 Years Later Jodie Comer
22%
Mission: Impossible – The Final Reckoning Hannah Waddingham
20%
How to Train Your Dragon Mason Thames
17%
Companion Sophie Thatcher
12%
Weapons Amy Madigan
10%
Gabby's Dollhouse: The Movie Tara Strong
7%
Springsteen: Deliver Me from Nowhere Odessa Young
5%
No matching quizzes found
Score Distribution
Percent of People with Each Score
Percentile by Number Answered
Your Score History
You have not taken this quiz